000 00575nam a2200193Ia 4500
003 GCL
008 140319s9999 xx 000 0 ara d
040 _aGCL /
_cGCL
082 0 4 _a646.3
_bد ك
100 1 _aدار الراتب الجامعية
245 1 0 _aكيف تختارين ملابسك /
_cدار الراتب الجامعية
300 _a126 ص
490 _aموسوعة عالم المراة
_v0
650 0 4 _aالازياء
650 0 4 _aالموضة
650 0 4 _aالملابس - اختيار
650 0 4 _aالمرأة - تجميل
942 _2ddc
_cBK
999 _c46354
_d46354